000 00771nam a2200205 a 4500
001 000011111
005 20240412074223.0
008 091014s2000 dr 001 p spa d
040 _aDO-SdBNP
_bspa
_cBNPHU
082 _aRD861.44
_bF316b
100 1 _aBatista, León Félix,
_d1964-
_912031
245 1 0 _aSe borra si es leído (poesía 1989-1999) /
_cLeón Félix Batista.
260 _aSanto Domingo :
_bSistema Nacional de Talleres Litararios,
_c2000.
300 _a331 p ;
_c29 cm.
490 1 _aSistema Nacional de Talleres Literarios ;
_v16
_aFin de siglo
500 _aIncluye datos biográficos del autor
650 0 _aPoesía dominicana
_966
650 0 _aLiteratura dominicana.
_967
830 0 _aSistema Nacional de Talleres Literarios ;
_v16
_pFin de siglo
_926596
999 _c10836
_d10836